[Event "Campionat de Catalunya 2021 Sub 10-14"]
[Site "Salou"]
[Date "2021.03.31"]
[Round "7.7"]
[White "Herman Gamazo, Isaac"]
[Black "Roure Sola, Oriol"]
[Result "1-0"]
[WhiteFideId "54586470"]
[BlackFideId "54566568"]
[WhiteElo "1542"]
[BlackElo "1351"]

1. e4 {[%clk 01:29:53]} {[%emt 00:01:06]} c5 {[%clk 01:30:03]} {[%emt
00:00:57]} 2. Nf3 {[%clk 01:29:46]} {[%emt 00:00:36]} e6 {[%clk 01:29:34]}
{[%emt 00:01:00]} 3. d4 {[%clk 01:29:31]} {[%emt 00:00:45]} cxd4 {[%clk
01:29:07]} {[%emt 00:00:57]} 4. Nxd4 {[%clk 01:29:27]} {[%emt 00:00:34]} Nf6
{[%clk 01:28:36]} {[%emt 00:01:01]} 5. Bd3 {[%clk 01:28:26]} {[%emt 00:01:32]}
Be7 {[%clk 01:14:05]} {[%emt 00:15:01]} 6. O-O {[%clk 01:28:30]} {[%emt
00:00:26]} d6 {[%clk 01:05:24]} {[%emt 00:09:12]} 7. Qe2 {[%clk 01:28:16]}
{[%emt 00:00:43]} a6 {[%clk 01:04:41]} {[%emt 00:01:13]} 8. c4 {[%clk
01:28:29]} {[%emt 00:00:17]} O-O {[%clk 01:03:46]} {[%emt 00:01:25]} 9. Nc3
{[%clk 01:28:46]} {[%emt 00:00:13]} Nc6 {[%clk 01:01:57]} {[%emt 00:02:18]} 10.
Nc2 {[%clk 01:27:15]} {[%emt 00:02:02]} Qc7 {[%clk 00:57:51]} {[%emt 00:04:37]}
11. f4 {[%clk 01:25:28]} {[%emt 00:02:16]} b6 {[%clk 00:55:14]} {[%emt
00:03:06]} 12. Bd2 {[%clk 01:25:20]} {[%emt 00:00:39]} Bb7 {[%clk 00:53:36]}
{[%emt 00:02:07]} 13. Rae1 {[%clk 01:24:33]} {[%emt 00:01:18]} Nd7 {[%clk
00:50:03]} {[%emt 00:04:03]} 14. Qg4 {[%clk 01:22:59]} {[%emt 00:02:33]} Kh8
{[%clk 00:44:05]} {[%emt 00:07:00]} 15. Rf3 {[%clk 01:22:42]} {[%emt 00:00:46]}
Bf6 {[%clk 00:42:03]} {[%emt 00:02:32]} 16. Rh3 {[%clk 01:20:50]} {[%emt
00:02:22]} g6 {[%clk 00:33:34]} {[%emt 00:08:59]} 17. e5 {[%clk 01:16:32]}
{[%emt 00:04:48]} dxe5 {[%clk 00:31:01]} {[%emt 00:03:03]} 18. f5 {[%clk
01:16:17]} {[%emt 00:00:45]} exf5 {[%clk 00:10:39]} {[%emt 00:20:52]} 19. Bxf5
{[%clk 01:16:31]} {[%emt 00:00:15]} Rg8 {[%clk 00:09:43]} {[%emt 00:01:26]} 20.
Nd5 {[%clk 01:15:55]} {[%emt 00:01:06]} Qd6 {[%clk 00:08:43]} {[%emt 00:01:30]}
21. Rxh7+ {[%clk 01:16:08]} {[%emt 00:00:17]} Kxh7 {[%clk 00:08:40]} {[%emt
00:00:33]} 22. Qh3+ {[%clk 01:16:34]} {[%emt 00:00:03]} 1-0

[Event "Campionat de Catalunya 2021 Sub 10-14"]
[Site "Salou"]
[Date "2021.03.31"]
[Round "7.8"]
[White "Arjona Bereza, Ivan"]
[Black "Alonso Gimenez, Mauro"]
[Result "1-0"]
[WhiteFideId "54724007"]
[BlackFideId "54539412"]
[WhiteElo "1093"]
[BlackElo "1367"]

1. e4 {[%clk 01:30:20]} {[%emt 00:00:39]} e5 {[%clk 01:29:54]} {[%emt
00:01:05]} 2. Nc3 {[%clk 01:30:44]} {[%emt 00:00:07]} Nf6 {[%clk 01:29:57]}
{[%emt 00:00:25]} 3. Bc4 {[%clk 01:31:06]} {[%emt 00:00:11]} Nxe4 {[%clk
01:29:59]} {[%emt 00:00:28]} 4. Bxf7+ {[%clk 01:31:12]} {[%emt 00:00:24]} Kxf7
{[%clk 01:30:21]} {[%emt 00:00:08]} 5. Nxe4 {[%clk 01:31:17]} {[%emt 00:00:26]}
d5 {[%clk 01:30:44]} {[%emt 00:00:07]} 6. Qf3+ {[%clk 01:19:11]} {[%emt
00:12:35]} Kg8 {[%clk 01:30:27]} {[%emt 00:00:44]} 7. Ng3 {[%clk 01:18:35]}
{[%emt 00:01:06]} e4 {[%clk 01:29:51]} {[%emt 00:01:07]} 8. Nxe4 {[%clk
01:18:19]} {[%emt 00:00:45]} Qe8 {[%clk 01:29:35]} {[%emt 00:00:49]} 9. d3
{[%clk 01:15:43]} {[%emt 00:03:06]} dxe4 {[%clk 01:29:31]} {[%emt 00:00:32]} 10.
dxe4 {[%clk 01:15:46]} {[%emt 00:00:29]} Bc5 {[%clk 01:28:44]} {[%emt
00:01:14]} 11. b3 {[%clk 01:15:06]} {[%emt 00:01:13]} b6 {[%clk 01:28:07]}
{[%emt 00:00:59]} 12. Bb2 {[%clk 01:14:44]} {[%emt 00:01:00]} Bb7 {[%clk
01:27:05]} {[%emt 00:01:28]} 13. O-O-O {[%clk 01:11:37]} {[%emt 00:03:40]} Na6
{[%clk 01:25:44]} {[%emt 00:01:52]} 14. Qg4 {[%clk 01:10:01]} {[%emt 00:02:05]}
Qg6 {[%clk 01:24:48]} {[%emt 00:01:17]} 15. Qh3 {[%clk 01:06:55]} {[%emt
00:03:45]} Bxe4 {[%clk 01:24:12]} {[%emt 00:01:07]} 16. Rd7 {[%clk 01:01:45]}
{[%emt 00:05:37]} Bf5 {[%clk 01:23:33]} {[%emt 00:01:07]} 17. Rxg7+ {[%clk
01:00:45]} {[%emt 00:01:35]} Qxg7 {[%clk 01:23:54]} {[%emt 00:00:10]} 18. Qxf5
{[%clk 00:57:58]} {[%emt 00:03:17]} Qh6+ {[%clk 01:18:50]} {[%emt 00:05:26]} 19.
f4 {[%clk 00:51:07]} {[%emt 00:07:28]} Rd8 {[%clk 01:17:02]} {[%emt 00:02:18]}
20. Nh3 {[%clk 00:49:32]} {[%emt 00:02:05]} Qg6 {[%clk 01:16:37]} {[%emt
00:00:54]} 21. Qe5 {[%clk 00:48:05]} {[%emt 00:01:59]} Kf7 {[%clk 01:13:23]}
{[%emt 00:03:44]} 22. Ng5+ {[%clk 00:48:23]} {[%emt 00:00:13]} Kf8 {[%clk
01:13:36]} {[%emt 00:00:16]} 23. Qxh8+ {[%clk 00:47:37]} {[%emt 00:01:17]} Ke7
{[%emt 00:02:09]} 24. Bf6+ {[%clk 00:47:03]} {[%emt 00:00:27]} Kd7 {[%clk
01:12:21]} {[%emt 00:00:42]} 25. Rd1+ {[%clk 00:46:48]} {[%emt 00:00:45]} Kc6
{[%clk 01:12:41]} {[%emt 00:00:06]} 26. Qxd8 {[%clk 00:46:34]} {[%emt
00:00:48]} Nb4 {[%clk 01:12:32]} {[%emt 00:00:36]} 27. Qa8+ {[%clk 00:44:30]}
{[%emt 00:02:38]} Kb5 {[%clk 01:12:37]} {[%emt 00:00:18]} 28. a4+ {[%clk
00:41:29]} {[%emt 00:03:38]} Ka6 {[%clk 01:13:02]} {[%emt 00:00:06]} 29. Ne4
{[%clk 00:39:57]} {[%emt 00:01:59]} Be3+ {[%clk 01:12:38]} {[%emt 00:00:54]} 30.
Kb2 {[%clk 00:38:08]} {[%emt 00:02:21]} c6 {[%clk 01:12:53]} {[%emt 00:00:16]}
31. c3 {[%clk 00:32:13]} {[%emt 00:06:25]} Qxg2+ {[%clk 01:13:11]} {[%emt
00:00:11]} 32. Ka3 {[%clk 00:30:58]} {[%emt 00:01:46]} Nc2+ {[%clk 01:13:31]}
{[%emt 00:00:10]} 33. Kb2 {[%clk 00:29:56]} {[%emt 00:01:32]} Ne1+ {[%clk
01:12:51]} {[%emt 00:01:09]} 34. Nd2 {[%clk 00:29:50]} {[%emt 00:00:36]} Nd3+
{[%clk 01:12:05]} {[%emt 00:01:17]} 35. Ka3 {[%clk 00:29:14]} {[%emt 00:01:06]}
Nc5 {[%clk 01:10:48]} {[%emt 00:01:40]} 36. b4 {[%clk 00:28:47]} {[%emt
00:01:04]} Qe2 {[%clk 01:08:09]} {[%emt 00:03:04]} 37. Qxc6 {[%emt 00:05:17]}
Qxd1 {[%clk 01:06:41]} {[%emt 00:00:16]} 38. b5+ {[%clk 00:25:56]} {[%emt
00:00:20]} Ka5 {[%clk 01:06:53]} {[%emt 00:00:12]} 39. Nc4# {[%emt 00:00:55]}
1-0